Guess The Artist From The Album But It's the Most Random Artists - Statistics

General Stats
  • This quiz has been taken 19 times
  • The average score is 6 of 34
Answer Stats
Hint Answer % Correct
Donda Kanye West
88%
Igor Tyler The Creator
82%
Utopia Travis Scott
76%
More Life Drake
41%
Ctrl SZA
41%
Section.80 Kendrick Lamar
35%
Circles Mac Miller
35%
21 Adele
29%
Un Verano Sin Ti Bad Bunny
29%
Funk Wav Bounces Calvin Harris
18%
The Big Day Chance The Rapper
18%
Institution Kodak Black
18%
Justified Justin Timberlake
12%
My Turn Lil Baby
12%
New Blue Sun Andre 3000
6%
Black On Both Sides Mos Def
6%
Hood Hottest Princess Sexyy Red
6%
Hotter Than July Stevie Wonder
6%
The Slow Rush Tame Impala
6%
Megatron BabyTron
0%
Kaya Bob Marley
0%
Super Tecmo Bo Boldy James
0%
I Told Them... Burna Boy
0%
Big Baby ____ DRAM
0%
Donuts J Dilla
0%
The Way It Is Keyshia Cole
0%
State Of Emergency Lil Tjay
0%
Crook By Da Book Project Pat
0%
Boy Meets World Sleepy Hallow
0%
Luv 4 Rent Smino
0%
Undun The Roots
0%
Ganger Veeze
0%
Supreme Blientele Westside Gunn
0%
Slimeball Young Nudy
0%
No matching quizzes found
Score Distribution
Percent of People with Each Score
Percentile by Number Answered
Your Score History
You have not taken this quiz